[Event "CZE-chT2B 1920"]
[Site "Czech Republic"]
[Date "2019.11.17"]
[Round "3.7"]
[White "Fric, Pavel"]
[Black "Kostelecky, Daniel"]
[Result "1-0"]
[WhiteElo "1997"]
[BlackElo "1948"]
[PlyCount "65"]
[EventDate "2019.10.13"]
[EventType "team-tourn"]
[EventRounds "11"]
[EventCountry "CZE"]
[SourceTitle "EXT 2024"]
[Source "ChessBase"]
[SourceDate "2023.10.10"]
[SourceVersion "1"]
[SourceVersionDate "2023.10.10"]
[SourceQuality "1"]
[WhiteTeam "Karlovy Vary Tietz II"]
[BlackTeam "Kobylisy"]
[WhiteTeamCountry "CZE"]
[BlackTeamCountry "CZE"]

1. d4 g6 2. c4 Bg7 3. e4 d6 4. Nc3 Nd7 5. Be3 e5 6. Nge2 Ngf6 7. f3 0-0 8. Qd2 Re8 9. 0-0-0 a6 10. g4 b5 11. Ng3 exd4 12. Bxd4 c5 13. Be3 Ne5 14. Be2 Qa5 15. Kb1 Be6 16. Qxd6 Bxc4 17. Bxc5 Bxe2 18. Bb6 Nc4 19. Bxa5 Nxd6 20. Ncxe2 Nc4 21. Bc3 Rad8 22. Nf4 Ne3 23. Rde1 Nc4 24. g5 Nd7 25. Rd1 Bxc3 26. bxc3 Nde5 27. Nd5 Kg7 28. f4 Ng4 29. Rd4 Nf2 30. Re1 Nd6 31. Nf6 Re7 32. Re2 Nh3 33. Red2 1-0

[Event "Klatovy op-A 24th"]
[Site "Klatovy"]
[Date "2018.07.05"]
[Round "6"]
[White "Pick, Stepan"]
[Black "Kostelecky, Daniel"]
[Result "1-0"]
[WhiteElo "2113"]
[BlackElo "1953"]
[PlyCount "97"]
[EventDate "2018.06.30"]
[EventType "swiss"]
[EventRounds "9"]
[EventCountry "CZE"]
[SourceTitle "EXT 2019"]
[Source "ChessBase"]
[SourceDate "2018.10.10"]
[SourceVersion "1"]
[SourceVersionDate "2018.10.10"]
[SourceQuality "1"]

1. Nf3 d6 2. d4 g6 3. c4 Bg7 4. Nc3 Nc6 5. d5 Nb8 6. e4 e5 7. Be2 f5 8. exf5 Bxf5 9. Nd2 Nf6 10. g4 Bc8 11. g5 Nfd7 12. Nde4 a5 13. Bg4 Nc5 14. Nxc5 dxc5 15. Ne4 Bxg4 16. Qxg4 Qd7 17. Qxd7+ Nxd7 18. Be3 b6 19. Ke2 Ke7 20. h4 h5 21. Rad1 Nf8 22. Bd2 Rd8 23. Bc3 Nd7 24. b3 Rhf8 25. Bd2 Nb8 26. a3 c6 27. Nc3 e4 28. dxc6 Bxc3 29. Bxc3 Rxd1 30. Rxd1 Nxc6 31. Bf6+ Ke6 32. Rd5 a4 33. b4 cxb4 34. axb4 a3 35. Bg7 Ra8 36. Rb5 Ra6 37. Ba1 Kd7 38. Rd5+ Ke6 39. b5 Ra4 40. bxc6 Rxc4 41. Rd4 Rxc6 42. Rxe4+ Kf5 43. Kf3 Rc5 44. Rf4+ Ke6 45. Rf6+ Kd5 46. Rxb6 Kc4 47. Rxg6 Kb3 48. Ra6 Ka2 49. Bf6 1-0

[Event "Klatovy op-A 23rd"]
[Site "Klatovy"]
[Date "2017.07.09"]
[Round "9"]
[White "Kostelecky, Daniel"]
[Black "Kubat, Miroslav"]
[Result "0-1"]
[WhiteElo "1908"]
[BlackElo "1983"]
[PlyCount "80"]
[EventDate "2017.07.01"]
[EventType "swiss"]
[EventRounds "9"]
[EventCountry "CZE"]
[SourceTitle "EXT 2018"]
[Source "ChessBase"]
[SourceDate "2017.10.13"]
[SourceVersion "1"]
[SourceVersionDate "2017.10.13"]
[SourceQuality "1"]

1. e4 c5 2. Nc3 Nc6 3. f4 d6 4. Nf3 g6 5. Bc4 Bg7 6. 0-0 e6 7. d3 Nge7 8. a4 0-0 9. Ba2 d5 10. e5 Bd7 11. Ne2 d4 12. c3 Qb6 13. Kh1 Nd5 14. Qe1 Rad8 15. Ng3 Nce7 16. Ne4 Nf5 17. g4 Nfe3 18. Bxe3 Nxe3 19. Rg1 Bc6 20. cxd4 Nc2 21. Qf2 Nxa1 22. a5 Qxa5 23. d5 Bxd5 24. Bxd5 Rxd5 25. Nf6+ Bxf6 26. exf6 Qd8 27. Qh4 h6 28. Rxa1 Rxd3 29. Kg2 a6 30. Rf1 Rb3 31. Rf2 Rd3 32. f5 exf5 33. gxf5 Qd6 34. Qxh6 Qxf6 35. Ng5 Qg7 36. Qh4 Rd4 37. Qh3 gxf5 38. Rxf5 f6 39. Qg3 Rd2+ 40. Kh1 fxg5 0-1

[Event "Klatovy op-A 23rd"]
[Site "Klatovy"]
[Date "2017.07.05"]
[Round "5"]
[White "Kostelecky, Daniel"]
[Black "Dolansky, Lukas"]
[Result "1-0"]
[WhiteElo "1908"]
[BlackElo "2065"]
[PlyCount "87"]
[EventDate "2017.07.01"]
[EventType "swiss"]
[EventRounds "9"]
[EventCountry "CZE"]
[SourceTitle "EXT 2018"]
[Source "ChessBase"]
[SourceDate "2017.10.13"]
[SourceVersion "1"]
[SourceVersionDate "2017.10.13"]
[SourceQuality "1"]

1. e4 e5 2. Nf3 Nc6 3. Bb5 Bc5 4. 0-0 Nd4 5. b4 Nxf3+ 6. Qxf3 Bxb4 7. Qg3 Nf6 8. Qxe5+ Be7 9. Nc3 0-0 10. d4 Re8 11. Qg3 c6 12. Be2 d5 13. e5 Ne4 14. Nxe4 dxe4 15. Bh6 Bf8 16. Be3 f6 17. f4 exf3 18. Rxf3 fxe5 19. dxe5 Be6 20. Raf1 Qc7 21. Bd3 Be7 22. Bf5 Bxf5 23. Rxf5 Rf8 24. Qg4 b6 25. e6 Rxf5 26. Rxf5 Rf8 27. Bd4 Bd6 28. g3 Qe7 29. Rg5 Rf6 30. Bxf6 Qxf6 31. Qf5 Qe7 32. Rg4 b5 33. Re4 a5 34. Re1 a4 35. Rf1 b4 36. Qf7+ Qxf7 37. Rxf7 Be5 38. Kf1 c5 39. Ke2 c4 40. Ra7 Kf8 41. Rxa4 b3 42. axb3 cxb3 43. cxb3 Ke7 44. Ra6 1-0

[Event "Klatovy op-A 23rd"]
[Site "Klatovy"]
[Date "2017.07.03"]
[Round "3"]
[White "Kostelecky, Daniel"]
[Black "Furman, Boris"]
[Result "1/2-1/2"]
[WhiteElo "1908"]
[BlackElo "2177"]
[PlyCount "83"]
[EventDate "2017.07.01"]
[EventType "swiss"]
[EventRounds "9"]
[EventCountry "CZE"]
[SourceTitle "EXT 2018"]
[Source "ChessBase"]
[SourceDate "2017.10.13"]
[SourceVersion "1"]
[SourceVersionDate "2017.10.13"]
[SourceQuality "1"]

1. e4 c5 2. Nf3 Nc6 3. d4 cxd4 4. Nxd4 Nf6 5. Nc3 d6 6. Bg5 e6 7. Qd2 Be7 8. 0-0-0 0-0 9. f4 d5 10. e5 Nd7 11. Bxe7 Qxe7 12. Nf3 Nb6 13. a3 Bd7 14. Kb1 Rac8 15. Nb5 h6 16. Bd3 Rb8 17. g4 a6 18. Nd6 f6 19. Rhf1 fxe5 20. fxe5 Rxf3 21. Rxf3 Nxe5 22. Rh3 Qxd6 23. g5 Nec4 24. Qe2 Qe5 25. Qxe5 Nxe5 26. gxh6 Nxd3 27. Rdxd3 Rf8 28. Rhg3 Rf7 29. Rb3 Bb5 30. Rbe3 d4 31. Re4 Kh7 32. hxg7 Rxg7 33. Rxg7+ Kxg7 34. Rxe6 Bc6 35. b3 Nd5 36. Rd6 Kf7 37. Kb2 Ke7 38. Rg6 Nf6 39. h4 Be4 40. Rg5 Bf3 41. Rg3 Be4 42. Rg5 1/2-1/2

[Event "Klatovy op-A 23rd"]
[Site "Klatovy"]
[Date "2017.07.01"]
[Round "1"]
[White "Zeman, Matyas"]
[Black "Kostelecky, Daniel"]
[Result "1/2-1/2"]
[WhiteElo "2166"]
[BlackElo "1908"]
[PlyCount "112"]
[EventDate "2017.07.01"]
[EventType "swiss"]
[EventRounds "9"]
[EventCountry "CZE"]
[SourceTitle "EXT 2018"]
[Source "ChessBase"]
[SourceDate "2017.10.13"]
[SourceVersion "1"]
[SourceVersionDate "2017.10.13"]
[SourceQuality "1"]

1. e4 g6 2. d4 Bg7 3. Nc3 d6 4. Be3 Nc6 5. Qd2 e5 6. Nge2 exd4 7. Nxd4 Nge7 8. 0-0-0 0-0 9. h4 h5 10. Be2 Ne5 11. Bg5 Be6 12. f4 N5c6 13. Nxc6 bxc6 14. f5 gxf5 15. Bxh5 Qd7 16. Bh6 Ng6 17. Rdf1 f4 18. Bxg7 Kxg7 19. Bxg6 fxg6 20. Rxf4 Rxf4 21. Qxf4 Rf8 22. Qe3 Qf7 23. Re1 Qf4 24. g3 Qe5 25. Ne2 c5 26. Nf4 Bg4 27. Qd2 Rb8 28. c3 c6 29. Qe3 Rf8 30. Kc2 a5 31. c4 a4 32. Qc3 Qd4 33. Qxd4+ cxd4 34. Kd3 c5 35. b3 axb3 36. axb3 Ra8 37. Kc2 Ra2+ 38. Kb1 Rf2 39. e5 Bf5+ 40. Ka1 dxe5 41. Rxe5 d3 42. Nxd3 Bxd3 43. Rxc5 Rc2 44. Rd5 Bf5 45. Rd4 Kf6 46. b4 Be6 47. c5 Ke5 48. Rf4 Bf5 49. b5 Rxc5 50. Rb4 Kd6 51. b6 Rc8 52. g4 Be6 53. b7 Rb8 54. Rb6+ Ke7 55. h5 g5 56. h6 Bxg4 1/2-1/2

[Event "Kouty nad Desnou op-A"]
[Site "Kouty nad Desnou"]
[Date "2015.03.10"]
[Round "5"]
[White "Kostelecky, Daniel"]
[Black "Simunek, Filip"]
[Result "0-1"]
[WhiteElo "1773"]
[BlackElo "2158"]
[PlyCount "90"]
[EventDate "2015.03.07"]
[EventType "swiss"]
[EventRounds "9"]
[EventCountry "CZE"]
[SourceTitle "EXT 2017"]
[Source "ChessBase"]
[SourceDate "2016.10.25"]
[SourceVersion "1"]
[SourceVersionDate "2016.10.25"]
[SourceQuality "1"]

1. e4 c5 2. Nf3 Nc6 3. d4 cxd4 4. Nxd4 Nf6 5. Nc3 d6 6. f4 a6 7. Be2 g6 8. 0-0 Bg7 9. Be3 0-0 10. g4 Nxg4 11. Bxg4 Bxd4 12. Bxd4 Bxg4 13. Qxg4 Nxd4 14. Rf2 Rc8 15. f5 Kh8 16. fxg6 Rg8 17. Kh1 Rxg6 18. Qh3 f6 19. Nd5 Nc6 20. Nf4 Rg8 21. Ne6 Qe8 22. Rf4 Qg6 23. Rh4 Ne5 24. c3 Nd3 25. Qf3 Nxb2 26. Nf4 Qf7 27. Nd5 Nc4 28. Qe2 Ne5 29. Rf4 Rg7 30. Rg1 Rxg1+ 31. Kxg1 Rg8+ 32. Kh1 Qg7 33. Qf1 b5 34. Nc7 Ng6 35. Rg4 Qf7 36. Nxa6 Qxa2 37. Qxb5 Qa1+ 38. Rg1 Qxc3 39. Qe2 Qe5 40. Nb4 Qc5 41. Qe1 Qd4 42. Nd5 e6 43. Nc7 Qc4 44. Qc1 Qxe4+ 45. Rg2 Nf4 0-1

[Event "Kouty nad Desnou op-A"]
[Site "Kouty nad Desnou"]
[Date "2015.03.09"]
[Round "3"]
[White "Kostelecky, Daniel"]
[Black "Formanek, Martin"]
[Result "1/2-1/2"]
[WhiteElo "1773"]
[BlackElo "2216"]
[PlyCount "85"]
[EventDate "2015.03.07"]
[EventType "swiss"]
[EventRounds "9"]
[EventCountry "CZE"]
[SourceTitle "EXT 2017"]
[Source "ChessBase"]
[SourceDate "2016.10.25"]
[SourceVersion "1"]
[SourceVersionDate "2016.10.25"]
[SourceQuality "1"]

1. e4 c5 2. Nf3 d6 3. d4 cxd4 4. Nxd4 Nf6 5. Nc3 a6 6. Be2 e5 7. Nb3 Be7 8. f4 Nbd7 9. 0-0 0-0 10. h3 b5 11. Bf3 Bb7 12. Kh1 Rc8 13. Qe2 Re8 14. g4 Nb6 15. fxe5 dxe5 16. g5 Nfd7 17. h4 Qc7 18. Rf2 Nf8 19. Bh5 g6 20. Bg4 Rcd8 21. Qf3 Bb4 22. h5 Bxc3 23. bxc3 Qc4 24. Nc5 Bc8 25. Bxc8 Rxc8 26. Be3 gxh5 27. Raf1 Na4 28. Nxa4 bxa4 29. Rh2 Qxa2 30. Rxh5 Rxc3 31. Qf5 Qe6 32. Qf3 Qc4 33. Rg1 a3 34. Rh3 a2 35. Kh2 Rxc2+ 36. Kh1 Rb8 37. Qf5 Qe6 38. Qf3 Rb1 39. Rh6 Rxg1+ 40. Bxg1 a1Q 41. Rxe6 Nxe6 42. g6 hxg6 43. Qxf7+ 1/2-1/2

[Event "Prague Holiday K31"]
[Site "Prague"]
[Date "2014.08.05"]
[Round "5"]
[White "Pokorny, Jan1"]
[Black "Kostelecky, Daniel"]
[Result "0-1"]
[WhiteElo "1866"]
[BlackElo "1639"]
[PlyCount "69"]
[EventDate "2014.08.03"]
[EventType "tourn"]
[EventRounds "9"]
[EventCountry "CZE"]
[SourceTitle "EXT 2023"]
[Source "ChessBase"]
[SourceDate "2022.10.05"]
[SourceVersion "1"]
[SourceVersionDate "2022.10.05"]
[SourceQuality "1"]

1. d4 Nf6 2. c4 g6 3. Nc3 d5 4. cxd5 Nxd5 5. e4 Nxc3 6. bxc3 Bg7 7. Bc4 c5 8. Ne2 Nc6 9. d5 Ne5 10. Bb5+ Bd7 11. Bxd7+ Qxd7 12. 0-0 0-0 13. Rb1 b5 14. Be3 Rfc8 15. h3 a5 16. Qb3 b4 17. c4 a4 18. Qc2 f6 19. Nf4 Bh6 20. Rfe1 Bxf4 21. Bxf4 Rcb8 22. Bxe5 fxe5 23. Re3 Ra6 24. a3 Rab6 25. axb4 Rxb4 26. Ra1 Rb3 27. Ra3 Rb1+ 28. Kh2 R8b4 29. Rf3 R1b2 30. Qc1 R2b3 31. Qh6 Rxf3 32. Rxf3 Qe8 33. g4 Rb6 34. g5 Ra6 35. Rf7 0-1

[Event "Czech Fed-ch U16"]
[Site "Hrdonov"]
[Date "2012.10.23"]
[Round "4"]
[White "Kuchar, Tomas"]
[Black "Kostelecky, Daniel"]
[Result "1-0"]
[WhiteElo "1697"]
[BlackElo "1499"]
[PlyCount "51"]
[EventDate "2012.10.20"]
[EventType "swiss"]
[EventRounds "9"]
[EventCountry "CZE"]
[SourceTitle "CBM 151 Extra"]
[Source "ChessBase"]
[SourceDate "2012.12.18"]
[SourceVersion "1"]
[SourceVersionDate "2012.12.18"]
[SourceQuality "1"]

1. e4 c5 2. Nf3 Qc7 3. d4 cxd4 4. Nxd4 a6 5. Nc3 e6 6. a3 Nf6 7. Be3 Be7 8. Bd3 0-0 9. 0-0 b5 10. f4 d6 11. h3 g6 12. Qf3 Bb7 13. Qg3 Nh5 14. Qf2 Nd7 15. g4 Ng7 16. f5 e5 17. Nde2 g5 18. h4 h6 19. hxg5 Bxg5 20. Bxg5 hxg5 21. f6 Ne8 22. Qf5 Ndxf6 23. Qxg5+ Kh8 24. Rxf6 Nxf6 25. Qxf6+ Kh7 26. Kg2 1-0

[Event "CZE-ch U12"]
[Site "Kouty nad Desnou"]
[Date "2010.03.11"]
[Round "7"]
[White "Kostelecky, Daniel"]
[Black "Zeman, Radek"]
[Result "1/2-1/2"]
[WhiteElo "1454"]
[BlackElo "1412"]
[PlyCount "59"]
[EventDate "2010.03.06"]
[EventType "swiss"]
[EventRounds "9"]
[EventCountry "CZE"]
[SourceTitle "EXT 2012"]
[Source "ChessBase"]
[SourceDate "2011.11.24"]
[SourceVersion "1"]
[SourceVersionDate "2011.11.24"]
[SourceQuality "1"]

1. d4 d5 2. c4 e6 3. Nc3 Nf6 4. Nf3 Be7 5. Bg5 h6 6. Bh4 0-0 7. Rc1 b6 8. e3 Bb7 9. Ne5 Nbd7 10. f4 c5 11. b3 Re8 12. Rg1 Rc8 13. g4 Ne4 14. Bxe7 Rxe7 15. Nxe4 dxe4 16. h4 Nxe5 17. fxe5 Rd7 18. g5 cxd4 19. Qh5 hxg5 20. hxg5 b5 21. Rh1 Qa5+ 22. Ke2 Qxa2+ 23. Ke1 Kf8 24. Qh8+ Ke7 25. Qxg7 Rf8 26. Qf6+ Ke8 27. Rh8 Qa3 28. Rd1 bxc4 29. Rxf8+ Qxf8 30. Bxc4 1/2-1/2

[Event "CZE-ch U12"]
[Site "Kouty nad Desnou"]
[Date "2010.03.07"]
[Round "2"]
[White "Kostelecky, Daniel"]
[Black "Abelyan, Murad"]
[Result "1/2-1/2"]
[WhiteElo "1454"]
[BlackElo "1574"]
[PlyCount "101"]
[EventDate "2010.03.06"]
[EventType "swiss"]
[EventRounds "9"]
[EventCountry "CZE"]
[SourceTitle "EXT 2012"]
[Source "ChessBase"]
[SourceDate "2011.11.24"]
[SourceVersion "1"]
[SourceVersionDate "2011.11.24"]
[SourceQuality "1"]

1. d4 e6 2. c4 b6 3. Nf3 Bb7 4. Nc3 Bb4 5. Qc2 f5 6. Bd2 Nf6 7. a3 Bxc3 8. Bxc3 0-0 9. g3 d6 10. Bg2 Nbd7 11. 0-0 Ne4 12. Rfd1 Ndf6 13. b4 Ng4 14. Be1 Qf6 15. h3 Nh6 16. Rac1 Qf7 17. d5 exd5 18. cxd5 Bxd5 19. Qxc7 Ba2 20. Nd2 d5 21. Nxe4 fxe4 22. Bf1 Bc4 23. Qxf7+ Rxf7 24. e3 Bxf1 25. Kxf1 Nf5 26. Ke2 Rd8 27. Rc2 Rfd7 28. Rcd2 Kf7 29. f3 exf3+ 30. Kxf3 Re7 31. Bf2 Rde8 32. Re1 Re5 33. g4 Nd6 34. Rd3 Nc4 35. Bg3 Re4 36. Bf4 d4 37. Re2 dxe3 38. Bxe3 R4e6 39. Rc3 b5 40. Kf2 Kg6 41. h4 Rxe3 42. Rcxe3 Nxe3 43. Rxe3 Rxe3 44. Kxe3 h5 45. Kf4 hxg4 46. Kxg4 a6 47. h5+ Kh6 48. Kh4 Kh7 49. Kg5 Kh8 50. Kg6 Kg8 51. Kf5 1/2-1/2

[Event "CZE Czechia-ch U12"]
[Site "Harrachov"]
[Date "2009.10.31"]
[Round "9"]
[White "Suchomelova, Simona"]
[Black "Kostelecky, Daniel"]
[Result "0-1"]
[WhiteElo "1250"]
[BlackElo "1409"]
[PlyCount "106"]
[EventDate "2009.10.24"]
[EventType "swiss"]
[EventRounds "9"]
[EventCountry "CZE"]
[SourceTitle "EXT 2012"]
[Source "ChessBase"]
[SourceDate "2011.11.24"]
[SourceVersion "1"]
[SourceVersionDate "2011.11.24"]
[SourceQuality "1"]

1. e4 c5 2. f4 d5 3. exd5 Qxd5 4. Nc3 Qd8 5. Nf3 g6 6. Bc4 Nc6 7. 0-0 Bg7 8. Kh1 e6 9. Ne4 b6 10. d3 Nge7 11. c3 0-0 12. Be3 Bb7 13. Qe2 Na5 14. Bb5 a6 15. Ba4 b5 16. Bc2 c4 17. Bc5 Qc7 18. Bd6 Qd7 19. Rad1 f5 20. Bxe7 Qxe7 21. Ng3 Rad8 22. d4 Bd5 23. Qe3 b4 24. cxb4 Qxb4 25. Qc3 Rb8 26. Qxb4 Rxb4 27. b3 cxb3 28. axb3 Nxb3 29. Ne2 Bxf3 30. Rxf3 Nxd4 31. Nxd4 Rxd4 32. Rxd4 Bxd4 33. h3 Ra8 34. Rd3 e5 35. fxe5 Bxe5 36. Rd5 Bf6 37. Ra5 Bc3 38. Ra3 Bb4 39. Ra4 a5 40. Kg1 Kf7 41. Kf2 Re8 42. Ra1 Kf6 43. Rd1 Kg5 44. Kf3 Ra8 45. Ra1 h5 46. Ba4 Rc8 47. Ke2 Kf4 48. Rd1 Kg3 49. Kf1 Rc4 50. Ra1 Rf4+ 51. Kg1 Bc5+ 52. Kh1 Rf2 53. Bc6 a4 0-1

[Event "CZE Czechia-ch U12"]
[Site "Harrachov"]
[Date "2009.10.26"]
[Round "3"]
[White "Kostelecky, Daniel"]
[Black "Vykouk, Jan"]
[Result "1-0"]
[WhiteElo "1409"]
[BlackElo "1675"]
[PlyCount "47"]
[EventDate "2009.10.24"]
[EventType "swiss"]
[EventRounds "9"]
[EventCountry "CZE"]
[SourceTitle "EXT 2012"]
[Source "ChessBase"]
[SourceDate "2011.11.24"]
[SourceVersion "1"]
[SourceVersionDate "2011.11.24"]
[SourceQuality "1"]

1. d4 d5 2. c4 dxc4 3. Nf3 e6 4. e3 c5 5. Bxc4 Nc6 6. d5 Na5 7. Bb5+ Bd7 8. Qa4 Bxb5 9. Qxb5+ Ke7 10. Qxc5+ Ke8 11. Qb5+ Ke7 12. d6+ Kxd6 13. b4 Nc6 14. Nc3 Kc7 15. 0-0 Bxb4 16. Rd1 Qf6 17. Rb1 Rb8 18. Rxb4 Qxc3 19. Rc4 a6 20. Qc5 Qf6 21. Qd6+ Kb6 22. Rxc6+ Ka7 23. Qc5+ Ka8 24. Rd7 1-0